Every Champions League Final Scorer - Statistics

General Stats
  • This quiz has been taken 246 times
    55 since last reset
  • The average score is 52 of 70
Answer Stats
Answer % Correct
Cristiano Ronaldo
100%
Gareth Bale
100%
Achraf Hakimi
98%
Desire Doue
98%
Karim Benzema
98%
Lionel Messi
98%
Luis Suarez
98%
Mohamed Salah
98%
Rodri
98%
Sadio Mane
98%
Vinicius Jr
98%
Arjen Robben
96%
Ivan Rakitic
96%
Kai Havertz
96%
Kvicha Kvaratskhelia
96%
Mario Mandzukic
96%
Neymar
96%
Samuel Eto'o
96%
Dani Carvajal
93%
Didier Drogba
93%
Casemiro
91%
Divock Origi
91%
Kingsley Coman
91%
Sergio Ramos
91%
Wayne Rooney
91%
Filippo Inzaghi
89%
Steven Gerrard
89%
Thomas Muller
89%
David Villa
87%
Diego Godin
87%
Frank Lampard
87%
Diego Milito
85%
Marcelo
85%
Pedro
85%
Zinedine Zidane
85%
Alvaro Morata
83%
Raul
83%
Yannick Carrasco
80%
Dirk Kuyt
78%
Hernan Crespo
78%
Marco Asensio
78%
Ole Gunnar Solskjaer
76%
Paolo Maldini
76%
Xabi Alonso
76%
Ilkay Gundogan
74%
Jari Litmanen
74%
Alessandro Del Piero
70%
Sol Campbell
70%
Deco
67%
Senny Mayulu
65%
Steve McManaman
63%
Teddy Sheringham
63%
Vladimir Smicer
63%
Juliano Belletti
52%
Patrick Kluivert
52%
Fernando Morientes
50%
Lucio
50%
Marcel Desailly
48%
Lars Ricken
39%
Gaizka Mendieta
37%
Predrag Mijatovic
33%
Stefan Effenberg
33%
Dejan Savicevic
28%
Carlos Alberto
26%
Karl-Heinz Riedle
24%
Mario Basler
24%
Basile Boli
20%
Dmitri Alenichev
20%
Fabrizio Ravanelli
20%
Daniele Massaro
17%
No matching quizzes found
Score Distribution
Percent of People with Each Score
Percentile by Number Answered
Your Score History
You have not taken this quiz since the last reset